[Event "Szuperliga - GM Szabo Laszlo"]
[Site "Tapolca"]
[Date "2023.10.29"]
[Round "2.3"]
[White "Acs, Peter"]
[Black "Istvandi, Lajos"]
[Result "1-0"]
[WhiteElo "2567"]
[BlackElo "2236"]
[PlyCount "47"]
[EventDate "2023.10.28"]
[EventType "team-tourn"]
[EventRounds "9"]
[EventCountry "HUN"]
[Source "chess.hu"]
[WhiteTeam "ASE Paks"]
[BlackTeam "Tapolca Varosi VSE"]
[WhiteTeamCountry "HUN"]
[BlackTeamCountry "HUN"]

1. e4 e5 2. Nf3 Nf6 3. Nxe5 d6 4. Nf3 Nxe4 5. Nc3 Nf6 6. d4 g6 7. Bg5 Bg7 8.
Qe2+ Kf8 9. O-O-O h6 10. Bd2 a6 11. g3 b5 12. Bg2 Bb7 13. a3 Nbd7 14. Rhe1 Nb6
15. Kb1 Nbd5 16. Nxd5 Bxd5 17. Ba5 Nd7 18. Nh4 Bxg2 19. Nxg2 Rb8 20. Qf3 Nb6
21. Nf4 Kg8 22. Bxb6 cxb6 23. Nd5 Bf8 24. Re4 1-0

[Event "Szuperliga - GM Szabo Laszlo"]
[Site "Tapolca"]
[Date "2023.10.29"]
[Round "2.4"]
[White "Acs, Marton"]
[Black "Sedlak, Nikola"]
[Result "0-1"]
[WhiteElo "2166"]
[BlackElo "2453"]
[PlyCount "54"]
[EventDate "2023.10.28"]
[EventType "team-tourn"]
[EventRounds "9"]
[EventCountry "HUN"]
[Source "chess.hu"]
[WhiteTeam "Tapolca Varosi VSE"]
[BlackTeam "ASE Paks"]
[WhiteTeamCountry "HUN"]
[BlackTeamCountry "HUN"]

1. d4 d5 2. c4 e6 3. Nf3 Nf6 4. g3 Be7 5. Bg2 Ne4 6. O-O f5 7. b3 Nc6 8. Ba3
Bf6 9. Bb2 h5 10. Ne5 h4 11. Nd2 hxg3 12. fxg3 Nxe5 13. dxe5 Bg5 14. Nxe4 dxe4
15. Qxd8+ Kxd8 16. Rfd1+ Bd7 17. Bd4 a5 18. a4 Ke8 19. e3 Be7 20. c5 Bc6 21.
Rac1 Bd5 22. Rc3 g5 23. Bf1 Kf7 24. Bc4 Rad8 25. Rb1 f4 26. exf4 Bxc4 27. Rxc4
Rxd4 0-1

[Event "Szuperliga - GM Szabo Laszlo"]
[Site "Tapolca"]
[Date "2023.10.29"]
[Round "2.5"]
[White "Popovic, Dusan"]
[Black "Kassay, Krisztian"]
[Result "1-0"]
[WhiteElo "2498"]
[BlackElo "2137"]
[PlyCount "61"]
[EventDate "2023.10.28"]
[EventType "team-tourn"]
[EventRounds "9"]
[EventCountry "HUN"]
[Source "chess.hu"]
[WhiteTeam "ASE Paks"]
[BlackTeam "Tapolca Varosi VSE"]
[WhiteTeamCountry "HUN"]
[BlackTeamCountry "HUN"]

1. e4 d6 2. d4 Nf6 3. Nc3 Nbd7 4. f4 e5 5. Nf3 exd4 6. Qxd4 c6 7. Bd2 Qb6 8.
O-O-O Be7 9. h3 Qxd4 10. Nxd4 Nc5 11. Re1 O-O 12. g4 h6 13. b4 Ne6 14. Nf5 Re8
15. Nxe7+ Rxe7 16. f5 Nc7 17. Bf4 Nce8 18. Bd3 Nd7 19. h4 Ne5 20. Be2 b5 21. a3
a5 22. Kb2 Bb7 23. g5 Kh7 24. Rhg1 axb4 25. axb4 c5 26. bxc5 b4 27. Nd5 Bxd5
28. exd5 dxc5 29. f6 gxf6 30. gxf6 Nxf6 31. Bxe5 1-0

[Event "Szuperliga - GM Szabo Laszlo"]
[Site "Tapolca"]
[Date "2023.10.29"]
[Round "2.6"]
[White "Nagy, Zoltan"]
[Black "Krstulovic, Alex"]
[Result "0-1"]
[WhiteElo "2121"]
[BlackElo "2433"]
[PlyCount "90"]
[EventDate "2023.10.28"]
[EventType "team-tourn"]
[EventRounds "9"]
[EventCountry "HUN"]
[Source "chess.hu"]
[WhiteTeam "Tapolca Varosi VSE"]
[BlackTeam "ASE Paks"]
[WhiteTeamCountry "HUN"]
[BlackTeamCountry "HUN"]

1. e4 c6 2. d4 d5 3. Nd2 dxe4 4. Nxe4 Nf6 5. Nxf6+ exf6 6. c3 Bd6 7. Bd3 O-O 8.
Qc2 Re8+ 9. Ne2 h5 10. Be3 Nd7 11. O-O-O b5 12. Ng3 Nb6 13. Nxh5 Bg4 14. Be2
Bxe2 15. Qxe2 g6 16. Ng3 f5 17. Qf3 Nd5 18. Bd2 Rb8 19. h4 b4 20. c4 Qa5 21.
Qb3 Nc3 22. Rde1 Bxg3 23. Rxe8+ Rxe8 24. bxc3 bxc3 25. Bxc3 Bf4+ 26. Kd1 Qa6
27. Bd2 Rb8 28. Qc2 Bxd2 29. Kxd2 Qa5+ 30. Ke2 Re8+ 31. Kd3 Qa3+ 32. Qb3 Qe7
33. Kc3 Qe4 34. Rd1 Qxg2 35. Rd2 Qh3+ 36. Kc2 Qxh4 37. d5 cxd5 38. cxd5 Rc8+
39. Kd1 Qh1+ 40. Ke2 Re8+ 41. Kd3 Qe4+ 42. Kc3 Rc8+ 43. Kb2 Qe5+ 44. Ka3 Rc3
45. d6 Qa5+ 0-1

[Event "Szuperliga - GM Szabo Laszlo"]
[Site "Tapolca"]
[Date "2023.10.29"]
[Round "2.7"]
[White "Lizak, Peter"]
[Black "Juhasz, Judit"]
[Result "1-0"]
[WhiteElo "2415"]
[BlackElo "1940"]
[PlyCount "69"]
[EventDate "2023.10.28"]
[EventType "team-tourn"]
[EventRounds "9"]
[EventCountry "HUN"]
[Source "chess.hu"]
[WhiteTeam "ASE Paks"]
[BlackTeam "Tapolca Varosi VSE"]
[WhiteTeamCountry "HUN"]
[BlackTeamCountry "HUN"]

1. c4 c5 2. Nc3 Nc6 3. Nf3 e5 4. e3 f5 5. d4 e4 6. d5 exf3 7. dxc6 fxg2 8.
cxd7+ Qxd7 9. Bxg2 Qxd1+ 10. Kxd1 Be6 11. Bxb7 Rd8+ 12. Bd5 Bxd5 13. cxd5 Nf6
14. Ke2 Nxd5 15. Nxd5 Rxd5 16. b3 Kf7 17. Bb2 Be7 18. Rad1 Rhd8 19. Rxd5 Rxd5
20. Rc1 g6 21. Rc4 Ke6 22. Ba3 Kd6 23. Ra4 Re5 24. Ra6+ Kd5 25. Rxa7 f4 26. Bb2
Re6 27. Kf3 fxe3 28. fxe3 h5 29. Ra4 Bd6 30. e4+ Kc6 31. e5 Bxe5 32. Ra6+ Kd5
33. Rxe6 Kxe6 34. Bxe5 Kxe5 35. h4 1-0

[Event "Szuperliga - GM Szabo Laszlo"]
[Site "Tapolca"]
[Date "2023.10.29"]
[Round "2.8"]
[White "Szabo, Benjamin"]
[Black "Lazarne Vajda, Szidonia"]
[Result "0-1"]
[WhiteElo "2075"]
[BlackElo "2273"]
[PlyCount "68"]
[EventDate "2023.10.28"]
[EventType "team-tourn"]
[EventRounds "9"]
[EventCountry "HUN"]
[Source "chess.hu"]
[WhiteTeam "Tapolca Varosi VSE"]
[BlackTeam "ASE Paks"]
[WhiteTeamCountry "HUN"]
[BlackTeamCountry "HUN"]

1. d4 Nf6 2. Nf3 g6 3. g3 Bg7 4. Bg2 O-O 5. O-O d6 6. Nbd2 Nbd7 7. e4 e5 8. c3
b6 9. Re1 Bb7 10. Qc2 Re8 11. Rb1 h6 12. b4 a5 13. b5 Nh7 14. Bb2 Ng5 15. Rbd1
Nxf3+ 16. Bxf3 Qe7 17. Bg2 Nf8 18. Nc4 Qe6 19. d5 Qe7 20. a4 Nh7 21. Bc1 Rf8
22. f4 exf4 23. Bxf4 f6 24. Qc1 Ng5 25. h4 Nf7 26. Bh3 Bc8 27. Bxc8 Raxc8 28.
h5 g5 29. Bd2 Ne5 30. Nxe5 Qxe5 31. Re3 f5 32. exf5 Qxf5 33. Be1 Qf1+ 34. Kh2
g4 0-1

[Event "Szuperliga - GM Szabo Laszlo"]
[Site "Tapolca"]
[Date "2023.10.29"]
[Round "2.9"]
[White "Tancsa, Tamas"]
[Black "Erseki, Tamara"]
[Result "1-0"]
[WhiteElo "2257"]
[BlackElo "1888"]
[PlyCount "53"]
[EventDate "2023.10.28"]
[EventType "team-tourn"]
[EventRounds "9"]
[EventCountry "HUN"]
[Source "chess.hu"]
[WhiteTeam "ASE Paks"]
[BlackTeam "Tapolca Varosi VSE"]
[WhiteTeamCountry "HUN"]
[BlackTeamCountry "HUN"]

1. e4 c6 2. d4 d5 3. Nd2 dxe4 4. Nxe4 Bf5 5. Ng3 Bg6 6. h4 h6 7. Nf3 Nd7 8. h5
Bh7 9. Bd3 Bxd3 10. Qxd3 Ngf6 11. Bd2 e6 12. O-O-O Bd6 13. Ne4 Nxe4 14. Qxe4
Nf6 15. Qe2 Qc7 16. g3 O-O-O 17. c4 Rhe8 18. Bc3 Kb8 19. Ne5 Qe7 20. f4 c5 21.
dxc5 Bxc5 22. Kb1 Bd6 23. Nd3 Rc8 24. b3 Rg8 25. Rhe1 Nd7 26. Nf2 Nc5 27. Rxd6
1-0

[Event "Szuperliga - GM Szabo Laszlo"]
[Site "Tapolca"]
[Date "2023.10.29"]
[Round "2.10"]
[White "Alexandrova, Angelina"]
[Black "Bernath, Bence"]
[Result "0-1"]
[WhiteElo "1827"]
[BlackElo "2241"]
[PlyCount "68"]
[EventDate "2023.10.28"]
[EventType "team-tourn"]
[EventRounds "9"]
[EventCountry "HUN"]
[Source "chess.hu"]
[WhiteTeam "Tapolca Varosi VSE"]
[BlackTeam "ASE Paks"]
[WhiteTeamCountry "HUN"]
[BlackTeamCountry "HUN"]

1. d4 Nf6 2. Nf3 g6 3. g3 Bg7 4. Bg2 O-O 5. c4 d6 6. O-O Nc6 7. Nc3 e5 8. d5
Nb8 9. Qc2 a5 10. Bg5 h6 11. Bxf6 Qxf6 12. e4 Qe7 13. Nd2 Na6 14. a3 f5 15. f3
f4 16. g4 h5 17. h3 hxg4 18. fxg4 Bd7 19. Nf3 Bf6 20. Rfb1 Kg7 21. Qd1 Rh8 22.
b4 Qe8 23. Ra2 Qb8 24. c5 axb4 25. axb4 dxc5 26. bxc5 g5 27. Ra5 Nxc5 28. Rxa8
Qxa8 29. Ra1 Qb8 30. Nd2 b5 31. Nb3 Qb6 32. Kf1 b4 33. Nxc5 Qxc5 34. Na4 Bb5+
0-1

[Event "Szuperliga - GM Szabo Laszlo"]
[Site "Ajka"]
[Date "2023.10.29"]
[Round "2.1"]
[White "Horvath, Jozsef"]
[Black "Sjugirov, Sanan"]
[Result "1/2-1/2"]
[WhiteElo "2412"]
[BlackElo "2705"]
[PlyCount "83"]
[EventDate "2023.10.28"]
[EventType "team-tourn"]
[EventRounds "9"]
[EventCountry "HUN"]
[Source "chess.hu"]
[WhiteTeam "Kekesi SE"]
[BlackTeam "Sentimento Ajka BSK"]
[WhiteTeamCountry "HUN"]
[BlackTeamCountry "HUN"]

1. d4 Nf6 2. c4 e6 3. g3 d5 4. Bg2 h6 5. Nf3 Bd6 6. O-O O-O 7. b3 b6 8. Bb2 Bb7
9. Nc3 Nbd7 10. Nd2 c5 11. cxd5 exd5 12. Nc4 Bc7 13. Nb5 Bb8 14. Nbd6 Bc6 15.
Nf5 Re8 16. Rc1 a5 17. dxc5 bxc5 18. Nfe3 Ra7 19. Nxd5 Nxd5 20. Bxd5 Bxd5 21.
Qxd5 Rxe2 22. Rfe1 Qe7 23. Kf1 Re6 24. Rxe6 fxe6 25. Qc6 Nf8 26. Bc3 Bc7 27.
Re1 Qg5 28. Kg2 Qd5+ 29. Qxd5 exd5 30. Re7 d4 31. Bxa5 Rxa5 32. Rxc7 Rxa2 33.
Rxc5 Ne6 34. Re5 Kf7 35. h4 Rc2 36. Nd6+ Kf6 37. Rd5 Rb2 38. Nf5 Rxb3 39. Nxd4
Nxd4 40. Rxd4 h5 41. Rd6+ Kf7 42. f4 1/2-1/2

[Event "Szuperliga - GM Szabo Laszlo"]
[Site "Ajka"]
[Date "2023.10.29"]
[Round "2.2"]
[White "Pechac, Jergus"]
[Black "Haring, Filip"]
[Result "1/2-1/2"]
[WhiteElo "2596"]
[BlackElo "2441"]
[PlyCount "78"]
[EventDate "2023.10.28"]
[EventType "team-tourn"]
[EventRounds "9"]
[EventCountry "HUN"]
[Source "chess.hu"]
[WhiteTeam "Sentimento Ajka BSK"]
[BlackTeam "Kekesi SE"]
[WhiteTeamCountry "HUN"]
[BlackTeamCountry "HUN"]

1. d4 Nf6 2. Nf3 b6 3. g3 Bb7 4. c4 e6 5. Bg2 Bb4+ 6. Bd2 a5 7. O-O Bxd2 8.
Qxd2 d6 9. Qd3 Nbd7 10. Nc3 O-O 11. e4 e5 12. d5 g6 13. Nd2 Nc5 14. Qe3 Ng4 15.
Qe2 f5 16. exf5 gxf5 17. Bh3 Bc8 18. f4 exf4 19. Rxf4 Ne5 20. Raf1 Ng6 21. R4f2
Qg5 22. Nb5 f4 23. Nf3 Qh6 24. Be6+ Bxe6 25. dxe6 Rae8 26. Nfd4 Qg7 27. Rg2 c6
28. Nxc6 Rxe6 29. Qd2 f3 30. Rgf2 Nf4 31. Rxf3 Re2 32. Qxd6 Qxb2 33. Qxf8+ Kxf8
34. Rxf4+ Kg7 35. Rg4+ Kh6 36. Rh4+ Kg6 37. Rg4+ Kh6 38. Rh4+ Kg6 39. Rg4+ Kh6
1/2-1/2

[Event "Szuperliga - GM Szabo Laszlo"]
[Site "Ajka"]
[Date "2023.10.29"]
[Round "2.3"]
[White "Turcan, Richard"]
[Black "Prohaszka, Peter"]
[Result "0-1"]
[WhiteElo "2402"]
[BlackElo "2578"]
[PlyCount "82"]
[EventDate "2023.10.28"]
[EventType "team-tourn"]
[EventRounds "9"]
[EventCountry "HUN"]
[Source "chess.hu"]
[WhiteTeam "Kekesi SE"]
[BlackTeam "Sentimento Ajka BSK"]
[WhiteTeamCountry "HUN"]
[BlackTeamCountry "HUN"]

1. e4 e5 2. Nf3 Nc6 3. Bb5 a6 4. Ba4 Nf6 5. O-O Nxe4 6. d4 Be7 7. Re1 b5 8.
Rxe4 d5 9. Nxe5 Nxe5 10. Rxe5 bxa4 11. Nc3 O-O 12. Rxd5 Bd6 13. Bf4 Be6 14.
Rxd6 cxd6 15. Nxa4 Re8 16. Qd2 Rc8 17. b3 Bd7 18. Nb2 Qf6 19. Be3 Bf5 20. Nd3
d5 21. Rc1 Bxd3 22. Qxd3 Qd6 23. c4 Qa3 24. Qd2 dxc4 25. bxc4 Rb8 26. h3 Rb2
27. Rc2 Rb1+ 28. Kh2 Qd6+ 29. Bf4 Qf6 30. Be5 Qf5 31. Rb2 f6 32. Rxb1 Qxb1 33.
Bf4 Re1 34. d5 Rh1+ 35. Kg3 Qg6+ 36. Kf3 Qh5+ 37. Ke3 Rd1 38. Qe2 Qxe2+ 39.
Kxe2 Rd4 40. d6 Kf7 41. d7 Ke7 0-1

[Event "Szuperliga - GM Szabo Laszlo"]
[Site "Ajka"]
[Date "2023.10.29"]
[Round "2.4"]
[White "Balog, Imre"]
[Black "To, Nhat Minh"]
[Result "1-0"]
[WhiteElo "2622"]
[BlackElo "2336"]
[PlyCount "75"]
[EventDate "2023.10.28"]
[EventType "team-tourn"]
[EventRounds "9"]
[EventCountry "HUN"]
[Source "chess.hu"]
[WhiteTeam "Sentimento Ajka BSK"]
[BlackTeam "Kekesi SE"]
[WhiteTeamCountry "HUN"]
[BlackTeamCountry "HUN"]

1. d4 d5 2. Nf3 Nf6 3. c4 dxc4 4. e3 e6 5. Bxc4 c5 6. Qe2 a6 7. O-O Nc6 8. Rd1
cxd4 9. exd4 Be7 10. Nc3 Nb4 11. Ne5 O-O 12. Bg5 Bd7 13. a3 Nbd5 14. Bxd5 Nxd5
15. Nxd5 exd5 16. Nxd7 Re8 17. Bxe7 Qxd7 18. Re1 Rac8 19. h3 Rc7 20. Qf3 Rxe7
21. Rxe7 Qxe7 22. Qxd5 g6 23. Qf3 Rc2 24. d5 Rxb2 25. Rc1 Rb6 26. Rd1 Rd6 27.
Qc3 Rd8 28. Re1 Qd6 29. Re5 b5 30. h4 Rb8 31. h5 a5 32. h6 Qf8 33. d6 b4 34.
axb4 axb4 35. Qb2 Qxh6 36. d7 Qf8 37. Qe2 Rd8 38. Qb5 1-0

[Event "Szuperliga - GM Szabo Laszlo"]
[Site "Ajka"]
[Date "2023.10.29"]
[Round "2.5"]
[White "Bakos, Balazs"]
[Black "Nesterov, Arseniy"]
[Result "1/2-1/2"]
[WhiteElo "2376"]
[BlackElo "2575"]
[PlyCount "62"]
[EventDate "2023.10.28"]
[EventType "team-tourn"]
[EventRounds "9"]
[EventCountry "HUN"]
[Source "chess.hu"]
[WhiteTeam "Kekesi SE"]
[BlackTeam "Sentimento Ajka BSK"]
[WhiteTeamCountry "HUN"]
[BlackTeamCountry "HUN"]

1. d4 Nf6 2. c4 e6 3. Nf3 d5 4. Nc3 c6 5. e3 Nbd7 6. Qc2 Bd6 7. Bd3 O-O 8. O-O
dxc4 9. Bxc4 b5 10. Be2 Bb7 11. h3 Qc7 12. Nd2 a6 13. Nce4 c5 14. Nxd6 Qxd6 15.
dxc5 Nxc5 16. b3 Rfc8 17. Ba3 Qb6 18. Bxc5 Rxc5 19. Qb2 Rac8 20. Rac1 Nd5 21.
Bf3 Nc3 22. Bxb7 Qxb7 23. Nc4 Ne4 24. Nd2 Nf6 25. Rxc5 Rxc5 26. Rc1 Qc8 27.
Rxc5 Qxc5 28. b4 Qd5 29. Qc2 h6 30. Qc8+ Kh7 31. Qc2+ Kg8 1/2-1/2

[Event "Szuperliga - GM Szabo Laszlo"]
[Site "Ajka"]
[Date "2023.10.29"]
[Round "2.6"]
[White "Neugebauer, Martin"]
[Black "Istvanovszki, Martin"]
[Result "1-0"]
[WhiteElo "2529"]
[BlackElo "2343"]
[PlyCount "139"]
[EventDate "2023.10.28"]
[EventType "team-tourn"]
[EventRounds "9"]
[EventCountry "HUN"]
[Source "chess.hu"]
[WhiteTeam "Sentimento Ajka BSK"]
[BlackTeam "Kekesi SE"]
[WhiteTeamCountry "HUN"]
[BlackTeamCountry "HUN"]

1. e4 c5 2. Nf3 d6 3. d4 cxd4 4. Nxd4 Nf6 5. Nc3 g6 6. Be3 Nc6 7. f3 h5 8. Bc4
Bd7 9. Qd2 Nxd4 10. Bxd4 Bh6 11. Qd3 O-O 12. O-O e6 13. Rad1 a6 14. a4 Rc8 15.
Bb3 Bc6 16. f4 Ng4 17. h3 e5 18. Ba7 Ra8 19. Qxd6 Qxd6 20. Rxd6 Rxa7 21. hxg4
Bxf4 22. g3 Bxg3 23. gxh5 Kg7 24. Bxf7 Bf4 25. Bxg6 Raa8 26. Kg2 Rad8 27. Rxd8
Rxd8 28. b3 b5 29. axb5 axb5 30. Rd1 Rd2+ 31. Rxd2 Bxd2 32. Nd5 b4 33. Kf3 Bb5
34. Ne3 Bc3 35. Ng4 Bd7 36. Bf5 Be8 37. h6+ Kh8 38. Nf6 Bb5 39. Kg4 Be2+ 40.
Kg5 Bd1 41. Kg6 Bxc2 42. Be6 Bd2 43. Bd5 Bxh6 44. Kxh6 Bxe4 45. Kg5 Bc2 46. Ng4
Kg7 47. Nxe5 Bd1 48. Nc6 Bc2 49. Nxb4 Bxb3 50. Bxb3 Kh8 51. Nc6 Kg7 52. Ne5 Kh8
53. Kf6 Kh7 54. Ng6 Kh6 55. Bg8 Kh5 56. Ne5 Kh4 57. Kf5 Kg3 58. Ng4 Kf3 59. Bc4
Kg3 60. Bd5 Kh4 61. Kf4 Kh3 62. Be4 Kh4 63. Bg6 Kh3 64. Ne3 Kh4 65. Ng2+ Kh3
66. Kf3 Kh2 67. Bf5 Kh1 68. Kg3 Kg1 69. Bd3 Kh1 70. Nf4 1-0

[Event "Szuperliga - GM Szabo Laszlo"]
[Site "Ajka"]
[Date "2023.10.29"]
[Round "2.7"]
[White "Bohati, Tamas"]
[Black "Korpa, Bence"]
[Result "0-1"]
[WhiteElo "2264"]
[BlackElo "2522"]
[PlyCount "76"]
[EventDate "2023.10.28"]
[EventType "team-tourn"]
[EventRounds "9"]
[EventCountry "HUN"]
[Source "chess.hu"]
[WhiteTeam "Kekesi SE"]
[BlackTeam "Sentimento Ajka BSK"]
[WhiteTeamCountry "HUN"]
[BlackTeamCountry "HUN"]

1. d4 f5 2. Nh3 Nf6 3. b3 e6 4. e3 Bb4+ 5. Bd2 Be7 6. Bd3 d6 7. c4 O-O 8. Nc3
e5 9. Qe2 Nc6 10. d5 Nb4 11. Bb1 a5 12. a3 Na6 13. O-O c6 14. Rd1 cxd5 15. cxd5
Bd7 16. Bd3 Nc5 17. Bc4 Nfe4 18. b4 Nxd2 19. Qxd2 axb4 20. axb4 Rxa1 21. Rxa1
Ne4 22. Nxe4 fxe4 23. Qc2 Qc8 24. Ra2 Bh4 25. Bf1 Bxh3 26. gxh3 Bxf2+ 27. Kh1
Qf5 28. Bg2 Bxe3 29. Qxe4 Qxe4 30. Bxe4 Rf4 31. Ra8+ Kf7 32. Bxh7 Rxb4 33. Bg8+
Ke7 34. Rc8 Rb2 35. Be6 e4 36. h4 Bc5 37. Bg4 e3 38. Bh5 g6 0-1

[Event "Szuperliga - GM Szabo Laszlo"]
[Site "Ajka"]
[Date "2023.10.29"]
[Round "2.8"]
[White "Varga, Zoltan"]
[Black "Mede, Istvan"]
[Result "1-0"]
[WhiteElo "2356"]
[BlackElo "2181"]
[PlyCount "106"]
[EventDate "2023.10.28"]
[EventType "team-tourn"]
[EventRounds "9"]
[EventCountry "HUN"]
[Source "chess.hu"]
[WhiteTeam "Sentimento Ajka BSK"]
[BlackTeam "Kekesi SE"]
[WhiteTeamCountry "HUN"]
[BlackTeamCountry "HUN"]

1. c4 g6 2. d4 Nf6 3. Nc3 Bg7 4. e4 d6 5. f3 O-O 6. Be3 c5 7. Nge2 Nc6 8. Qd2
Qa5 9. O-O-O Rd8 10. Kb1 cxd4 11. Nxd4 Nxd4 12. Bxd4 Be6 13. Nb5 Qxd2 14. Rxd2
a6 15. Nc7 Rac8 16. Bb6 Rd7 17. Nxe6 fxe6 18. a4 d5 19. cxd5 exd5 20. e5 Nh5
21. g3 e6 22. Bh3 Kf7 23. f4 Rc6 24. a5 Bf8 25. Rc1 Rxc1+ 26. Kxc1 Ng7 27. Rc2
Nf5 28. Rc8 h5 29. Kc2 Bb4 30. Kb3 Bf8 31. Kc3 Be7 32. Bf1 Bf8 33. Bh3 Be7 34.
Kd3 Bf8 35. Rb8 Be7 36. Rh8 Kg7 37. Bxf5 gxf5 38. Rxh5 Bd8 39. h3 Bxb6 40. axb6
Rd8 41. g4 fxg4 42. hxg4 Kg6 43. f5+ exf5 44. Rxf5 Rc8 45. Rf6+ Kg5 46. Rf7
Kxg4 47. Kd4 Rc2 48. Kxd5 Rxb2 49. Rxb7 Kf5 50. Rf7+ Kg6 51. Rf6+ Kg7 52. Kc6
a5 53. Rf4 Rc2+ 1-0

[Event "Szuperliga - GM Szabo Laszlo"]
[Site "Ajka"]
[Date "2023.10.29"]
[Round "2.9"]
[White "Onodi, Miklos"]
[Black "Pasti, Aron"]
[Result "0-1"]
[WhiteElo "1991"]
[BlackElo "2394"]
[PlyCount "132"]
[EventDate "2023.10.28"]
[EventType "team-tourn"]
[EventRounds "9"]
[EventCountry "HUN"]
[Source "chess.hu"]
[WhiteTeam "Kekesi SE"]
[BlackTeam "Sentimento Ajka BSK"]
[WhiteTeamCountry "HUN"]
[BlackTeamCountry "HUN"]

1. d4 Nf6 2. Nf3 d5 3. g3 e6 4. Bg2 Be7 5. O-O O-O 6. c4 b6 7. cxd5 exd5 8. Ne5
Bb7 9. Nc3 Nbd7 10. Qb3 c6 11. Bf4 Nh5 12. Rac1 Nxf4 13. gxf4 Nxe5 14. fxe5 Qd7
15. Rcd1 Rad8 16. Rfe1 g6 17. e4 dxe4 18. Nxe4 Kg7 19. Qc3 Qe6 20. b3 c5 21.
Nxc5 bxc5 22. Bxb7 Qb6 23. d5 Qxb7 24. d6 Bh4 25. Qxc5 Rd7 26. Rc1 Bd8 27. Qc3
Qd5 28. Rcd1 Qe6 29. a4 Rb7 30. b4 Qg4+ 31. Kh1 Qxb4 32. Qc2 Qb2 33. Qc6 Rb6
34. Qf3 Qc2 35. Qf4 Rb2 36. Rf1 a5 37. Qd4 Rb4 38. Qd5 Qe4+ 39. Qxe4 Rxe4 40.
Rd5 Re8 41. f4 Rxa4 42. d7 Rf8 43. f5 gxf5 44. Rxf5 Rc4 45. Rd3 Rc6 46. Kg2 a4
47. Rf4 Ra6 48. Rg3+ Kh8 49. Ra3 Bc7 50. Rfxa4 Rxa4 51. Rxa4 Bxe5 52. Re4 Bc7
53. Re8 Kg7 54. Kf3 f6 55. Kg4 Kf7 56. Kf5 Bd8 57. Re4 Rg8 58. h4 Be7 59. Rd4
Ra8 60. Kg4 Ke6 61. Kh5 Rd8 62. Re4+ Kxd7 63. Kh6 f5 64. Re5 Rf8 65. Kxh7 Bxh4
66. Kg7 Bf6+ 0-1

[Event "Szuperliga - GM Szabo Laszlo"]
[Site "Ajka"]
[Date "2023.10.29"]
[Round "2.10"]
[White "Gaal, Zsoka"]
[Black "Kovacs, Veronika"]
[Result "1-0"]
[WhiteElo "2305"]
[BlackElo "1636"]
[PlyCount "65"]
[EventDate "2023.10.28"]
[EventType "team-tourn"]
[EventRounds "9"]
[EventCountry "HUN"]
[Source "chess.hu"]
[WhiteTeam "Sentimento Ajka BSK"]
[BlackTeam "Kekesi SE"]
[WhiteTeamCountry "HUN"]
[BlackTeamCountry "HUN"]

1. d4 d5 2. c4 e6 3. Nc3 Nf6 4. cxd5 exd5 5. Bg5 Be7 6. e3 c6 7. Bd3 O-O 8.
Nge2 Re8 9. O-O Nbd7 10. a4 Ne4 11. Bxe7 Qxe7 12. a5 Nd6 13. Qc2 h6 14. Nf4 Nf6
15. Rfe1 Qd8 16. f3 a6 17. Qf2 Bf5 18. Bxf5 Nxf5 19. Nd3 Nd6 20. b3 Qd7 21. Nc5
Qc7 22. e4 dxe4 23. fxe4 Nb5 24. Nxb5 axb5 25. b4 Rad8 26. Ra3 Re7 27. Rf3 b6
28. axb6 Qxb6 29. Rxf6 gxf6 30. Qxf6 Qc7 31. Re3 Re6 32. Rg3+ Kh7 33. Qg7# 1-0

[Event "Szuperliga - GM Szabo Laszlo"]
[Site "Szombathely"]
[Date "2023.10.29"]
[Round "2.1"]
[White "Nagy, Gabor"]
[Black "Hracek, Zbynek"]
[Result "1/2-1/2"]
[WhiteElo "2439"]
[BlackElo "2550"]
[PlyCount "60"]
[EventDate "2023.10.28"]
[EventType "team-tourn"]
[EventRounds "9"]
[EventCountry "HUN"]
[Source "chess.hu"]
[WhiteTeam "Aquarena Kobanya SC"]
[BlackTeam "Haladas VSE"]
[WhiteTeamCountry "HUN"]
[BlackTeamCountry "HUN"]

1. d4 Nf6 2. c4 e6 3. Nf3 b6 4. g3 Ba6 5. Qc2 Bb4+ 6. Bd2 Bxd2+ 7. Nbxd2 Bb7 8.
Bg2 d6 9. O-O Qe7 10. Rfe1 O-O 11. Rad1 e5 12. e4 Nc6 13. Qc3 Rfe8 14. d5 Nb8
15. b4 a5 16. a3 Nbd7 17. Nb3 axb4 18. axb4 Ra4 19. Nfd2 Rea8 20. Ra1 c5 21.
bxc5 Nxc5 22. Nxc5 bxc5 23. Rxa4 Rxa4 24. Ra1 Rxa1+ 25. Qxa1 Bc8 26. Qa5 g5 27.
Qb6 Kg7 28. Nf1 Ne8 29. Ne3 Qc7 30. Qxc7 Nxc7 1/2-1/2

[Event "Szuperliga - GM Szabo Laszlo"]
[Site "Szombathely"]
[Date "2023.10.29"]
[Round "2.2"]
[White "Babula, Vlastimil"]
[Black "Nenezic, Marko"]
[Result "1-0"]
[WhiteElo "2538"]
[BlackElo "2497"]
[PlyCount "85"]
[EventDate "2023.10.28"]
[EventType "team-tourn"]
[EventRounds "9"]
[EventCountry "HUN"]
[Source "chess.hu"]
[WhiteTeam "Haladas VSE"]
[BlackTeam "Aquarena Kobanya SC"]
[WhiteTeamCountry "HUN"]
[BlackTeamCountry "HUN"]

1. d4 Nf6 2. c4 g6 3. Nc3 Bg7 4. e4 d6 5. h3 Nbd7 6. Be3 e5 7. d5 Nc5 8. Qc2 c6
9. b4 Na6 10. a3 cxd5 11. cxd5 O-O 12. g4 Ne8 13. Qd2 Bd7 14. Nge2 Bf6 15. g5
Be7 16. h4 f6 17. Ng3 Rc8 18. Nb5 fxg5 19. hxg5 Rf4 20. Nxa7 Ra8 21. Bxa6 Rxa7
22. Bxa7 bxa6 23. Be3 Bxg5 24. Ne2 Nf6 25. Nxf4 Nxe4 26. Ne6 Bxe6 27. Bxg5 Nxg5
28. O-O-O Bf5 29. Kb2 h5 30. Rc1 Ne4 31. Qe3 a5 32. Rc6 axb4 33. axb4 Nf6 34.
Qb6 Qe7 35. Rxd6 Nd7 36. Re6 Qg5 37. Qe3 Qg4 38. Ka3 Qc4 39. Rc1 Qxd5 40. Re7
Qa8+ 41. Kb2 Qb8 42. Qb3+ Kh8 43. Qc3 1-0

[Event "Szuperliga - GM Szabo Laszlo"]
[Site "Szombathely"]
[Date "2023.10.29"]
[Round "2.3"]
[White "Pap, Gyula"]
[Black "Hera, Imre Jr"]
[Result "1-0"]
[WhiteElo "2444"]
[BlackElo "2547"]
[PlyCount "128"]
[EventDate "2023.10.28"]
[EventType "team-tourn"]
[EventRounds "9"]
[EventCountry "HUN"]
[Source "chess.hu"]
[WhiteTeam "Aquarena Kobanya SC"]
[BlackTeam "Haladas VSE"]
[WhiteTeamCountry "HUN"]
[BlackTeamCountry "HUN"]

1. e4 c5 2. Nc3 e6 3. d4 cxd4 4. Qxd4 Nc6 5. Qe3 Nf6 6. Nf3 Bb4 7. a3 Ba5 8.
Bd2 O-O 9. Bd3 d6 10. O-O-O e5 11. h3 a6 12. Nh2 Be6 13. Ng4 Nd7 14. Qg3 Kh8
15. Ne3 Nc5 16. Nf5 Bxf5 17. exf5 Nd4 18. Kb1 Rc8 19. Nd5 Nxd3 20. Qxd3 Bxd2
21. Rxd2 Rc5 22. Ne3 Qb6 23. Rhd1 Rfc8 24. Qe4 Qb5 25. Rxd4 exd4 26. Qxd4 f6
27. Qxd6 h6 28. Qe7 Re5 29. Qd7 Qc5 30. Qxb7 Re7 31. Qb4 Qa7 32. Qd4 Qb8 33.
Qd6 Qb7 34. Rd4 Ree8 35. Qd7 Qb5 36. Qxb5 axb5 37. Rd5 Rcd8 38. Rxd8 Rxd8 39.
Kc1 Kg8 40. c3 Kf7 41. Nc2 Rd5 42. Nd4 Ke7 43. Kc2 Kd6 44. f4 h5 45. g4 hxg4
46. hxg4 Rc5 47. b4 Rc8 48. Nxb5+ Kd5 49. Kd3 Rh8 50. c4+ Kc6 51. Nd4+ Kd6 52.
Ke4 Re8+ 53. Ne6 Ra8 54. c5+ Kd7 55. Nxg7 Rxa3 56. Nh5 Ke7 57. Kd5 Rb3 58. Kc4
Rb1 59. b5 Rg1 60. b6 Rxg4 61. b7 Rg8 62. Kb5 Rg1 63. Kc6 Rb1 64. Kc7 Rb4 1-0